[Event "Pan American-ch School U13 Girls 12th"]
[Site "Callao"]
[Date "2023.10.17"]
[Round "3"]
[White "Fei, Irene Jiao"]
[Black "Vizcarra Quispe, Ramalia Bellaluz"]
[Result "1/2-1/2"]
[WhiteElo "1728"]
[BlackElo "1499"]
[PlyCount "116"]
[EventDate "2023.10.16"]
[EventType "swiss"]
[EventRounds "9"]
[EventCountry "PER"]
[SourceTitle "Mega2024 Update 01"]
[Source "Chessbase"]
[SourceDate "2023.11.12"]
[SourceVersion "1"]
[SourceVersionDate "2023.11.12"]
[SourceQuality "1"]

1. d4 c5 2. c3 Nc6 3. Nf3 d5 4. Bf4 Qb6 5. Qb3 Qxb3 6. axb3 cxd4 7. Nxd4 f6 8. Nxc6 bxc6 9. Nd2 e5 10. Bg3 Nh6 11. e4 dxe4 12. Nxe4 f5 13. Nd2 f4 14. Bh4 Nf5 15. g3 Nxh4 16. gxh4 Bb7 17. Bg2 Be7 18. Nc4 0-0 19. Nxe5 f3 20. Bh3 g6 21. 0-0 Bxh4 22. Rfd1 Bc8 23. Bxc8 Raxc8 24. Rd3 Rf4 25. Rxf3 Re4 26. Nc4 Re7 27. Rd1 Rf8 28. Rxf8+ Kxf8 29. Ne3 Bg5 30. Rd3 Kf7 31. Kf1 Bf4 32. h3 Kf6 33. Kg2 h5 34. h4 g5 35. hxg5+ Kxg5 36. Nc4 Rg7 37. Rd4 c5 38. Re4 Rb7 39. Na5 Rd7 40. Re2 Rd3 41. Nb7 h4 42. f3 Be3 43. Na5 Kf4 44. Nc4 h3+ 45. Kxh3 Kxf3 46. Re1 Kf2 47. Ra1 Rd7 48. Kg4 Rb7 49. Ra3 Bc1 50. Kf5 Ke2 51. Ke4 Kd1 52. Kd5 Kc2 53. Na5 Rb6 54. Kxc5 Bxb2 55. Ra2 Kxc3 56. Nc4 Rxb3 57. Nxb2 Rxb2 58. Rxb2 Kxb2 1/2-1/2